000 00813nas a2200265 4500
001 BR0806146
003 BR-BrBNA
005 20231205112110.0
007 ta
008 230509b bl.|||p| |||| 00| 00por d
040 _aBR-BrBNA
_bpor
_cBiblioteca Nacional de Agricultura
041 _a(En)
072 _aF01; L63
100 1 _aDiola, V.
100 1 _aOrth, A.I.
100 1 _aGuerra, M.P.
245 1 _aReproductive biology in monoecious and gynoecious cucumber cultivars as a result of IBA application
650 _aFECUNDAÇÃO VEGETAL
650 _aFLORAÇÃO
650 _aHORMÔNIO VEGETAL
650 _aPEPINO
773 0 _tHorticultura Brasileira (Brazil)
_xISSN 0102-0536
_g(Jan-Mar 2008), v. 26(1) p. 30-34
_wBR0806146
909 _a202311
_bLúcia
_c55
_dLúcia Elande
942 _2AGRIS
_n0
_cANA
999 _c196084
_d196084